Údolí králů hrobky a zádušní chrámy západních Théb

Bibliographic Details
Other Authors: Weeks, Kent R. (Editor), De Luca, Araldo, 1952- (Photographer), Kadlecová, Ivana (Translator)
Format: Book
Language:Czech
English
Italian
PhysicalDescription:434 s. ilustr. (prevažne fareb.), plány, portréty, mp. 26 cm
Published: Čestlice Rebo 2011
ISBN:9788025504611
Edition:2. vyd.
Subjects:

MARC

LEADER 00000cam a2200000 a 4500
001 vtls010265340
003 SK-MaSNL
005 20260302011652.0
008 180809s2011 xr a f 001 0dcze
020 |a 9788025504611  |q (viaz.) 
040 |a SNK  |b slo  |c SNK  |e AACR2 
041 1 |a cze  |h eng  |h ita 
043 |a f-ua--- 
044 |a xr  |c CZ 
072 7 |a 904  |x Kultúrne pamiatky historického obdobia všeobecne  |2 konspekt 
080 |a 902:904  |2 2001 
080 |a 726.821  |2 2001 
080 |a 726.1  |2 2001 
080 |a (32)  |2 2001 
080 |a (620)  |2 2001 
080 |a (084.11)  |2 2001 
130 0 |a Valley of the Kings  |l Česky  |9 652468 
245 1 0 |a Údolí králů  |b hrobky a zádušní chrámy západních Théb  |c redakce Kent R. Weeks ; fotografie Araldo De Luca ; [z anglického překladu italského originálu přeložila Ivana Kadlecová] 
246 3 0 |a Hrobky a zádušní chrámy západních Théb 
250 |a 2. vyd. 
260 |a Čestlice  |b Rebo  |c 2011 
300 |a 434 s.  |b ilustr. (prevažne fareb.), plány, portréty, mp.  |c 26 cm 
500 |a V tiráži: Kniha vychádza ako nové vydanie v zmenšenom formáte 
650 0 7 |a archeologické pamiatky  |2 SNKPH  |9 31774 
650 0 7 |a hrobky  |2 SNKPH  |9 3034 
650 0 7 |a zádušné chrámy  |2 SNKPH  |9 652469 
650 0 7 |a Archaeological monuments  |2 SNKPHeng  |9 268283 
650 0 7 |a Tombs  |2 SNKPHeng  |9 316952 
650 0 7 |a Mortuary temples  |2 SNKPHeng  |9 652470 
651 7 |a Údolie kráľov (Egypt)  |2 SNKPH  |9 318745 
651 7 |a Údolie kráľovien (Egypt)  |2 SNKPH  |9 652471 
651 7 |a Téby (Egypt : zaniknuté mesto)  |2 SNKPH  |9 117822 
651 7 |a staroveký Egypt  |2 SNKPH  |9 68598 
651 7 |a Valley of the Kings (Egypt)  |2 SNKPHeng  |9 318746 
651 7 |a Valley of the Queens (Egypt)  |2 SNKPHeng  |9 652472 
651 7 |a Thebes (Egypt : Extinct city)  |2 SNKPHeng  |9 652473 
655 7 |a obrazové publikácie  |2 SNKPH  |9 70343 
655 7 |a Pictorial works  |2 SNKPHeng  |9 284468 
700 1 |a Weeks, Kent R.  |4 edt  |9 401385 
700 1 |a De Luca, Araldo,  |d 1952-  |4 pht  |9 313630 
700 1 |a Kadlecová, Ivana  |4 trl  |9 44678 
919 |a 978-80-255-0461-1 
999 |c 1007000  |d 1008930 
952 |t snkUDO 904(32)  |a SNKUST  |b SNKUST  |y PREZ  |7 0  |p 17A0644869  |o snkIB 72436  |i snk2011/11153  |8 3  |g 22.48  |0 0  |1 0  |4 0  |d 2011-05-16  |l 0  |r 2025-04-30 00:00:00  |w 2026-02-24